Simplified methods on building construction (for fresh engineers) : (Record no. 69284)

MARC details
000 -LEADER
fixed length control field 00848nam a22002417i 4500
003 - CONTROL NUMBER IDENTIFIER
control field URS
005 - DATE AND TIME OF LATEST TRANSACTION
control field 20230428094500.0
008 - FIXED-LENGTH DATA ELEMENTS--GENERAL INFORMATION
fixed length control field 200708s2019 ph ae||| |||| 000 0 eng d
020 ## - INTERNATIONAL STANDARD BOOK NUMBER
International Standard Book Number 9786218035454
Qualifying information volume 1
040 ## - CATALOGING SOURCE
Language of cataloging English
Description conventions rda
Transcribing agency QCPL
Modifying agency URS
050 14 - LIBRARY OF CONGRESS CALL NUMBER
Classification number TH 438
Item number .P832m 2021
100 1# - MAIN ENTRY--PERSONAL NAME
Personal name Porte, Virgilio N.
Relator term author
245 10 - TITLE STATEMENT
Title Simplified methods on building construction (for fresh engineers) :
Remainder of title Part 1 : Construction method /
Statement of responsibility, etc. Virgilio N. Porte.
264 #1 - PRODUCTION, PUBLICATION, DISTRIBUTION, MANUFACTURE, AND COPYRIGHT NOTICE
Place of production, publication, distribution, manufacture Quezon City :
Name of producer, publisher, distributor, manufacturer Lorimar Publishing,
Date of production, publication, distribution, manufacture, or copyright notice [2021]
300 ## - PHYSICAL DESCRIPTION
Extent 2 volumes :
Other physical details illustrations
336 ## - CONTENT TYPE
Source rdacontent
Content type term text
337 ## - MEDIA TYPE
Source rdamedia
Media type term unmediated
338 ## - CARRIER TYPE
Source rdacarrier
Carrier type term volume
505 0# - FORMATTED CONTENTS NOTE
Formatted contents note volume 1. Construction methods
650 #0 - SUBJECT ADDED ENTRY--TOPICAL TERM
Topical term or geographic name entry element Building -- Contracts and specifications.
9 (RLIN) 4582
650 #0 - SUBJECT ADDED ENTRY--TOPICAL TERM
Topical term or geographic name entry element Construction industry -- Management.
9 (RLIN) 4583
942 ## - ADDED ENTRY ELEMENTS (KOHA)
Koha item type Filipiniana
Source of classification or shelving scheme Library of Congress Classification
Holdings
Withdrawn status Source of classification or shelving scheme Damaged status Not for loan Collection code Home library Current library Shelving location Date acquired Total Checkouts Full call number Barcode Date last seen Copy number Koha item type
  Library of Congress Classification     Non-fiction Morong College Library Morong College Library New Materials Shelf 04/28/2023   TH 438 .P832m 2021 URSMOR-CL-29068 04/28/2023 1 Filipiniana
  Library of Congress Classification     Non-fiction Morong College Library Morong College Library New Materials Shelf 04/28/2023   TH 438 .P832m 2021 URSMOR-CL-29069 04/28/2023 2 Filipiniana
  Library of Congress Classification     Non-fiction Morong College Library Morong College Library New Materials Shelf 04/28/2023   TH 438 .P832m 2021 URSMOR-CL-29070 04/28/2023 3 Filipiniana
  Library of Congress Classification     Non-fiction Morong College Library Morong College Library New Materials Shelf 04/28/2023   TH 438 .P832m 2021 URSMOR-CL-29071 04/28/2023 4 Filipiniana
  Library of Congress Classification     Non-fiction Morong College Library Morong College Library New Materials Shelf 04/28/2023   TH 438 .P832m 2021 URSMOR-CL-29072 04/28/2023 5 Filipiniana

University of Rizal System
Email us at univlibservices@urs.edu.ph

Visit our Website www.urs.edu.ph/library